书目信息 |
| 题名: |
微型计算机外设结构与维护:显示器与键盘
|
|
| 作者: | 宋宏斌 , 杨伟明 编 | |
| 分册: | ||
| 出版信息: | 北京 电子工业出版社 1990.06 |
|
| 页数: | 95页 | |
| 开本: | 32开 | |
| 丛书名: | ||
| 单 册: | ||
| 中图分类: | TP364.1 | |
| 科图分类: | ||
| 主题词: | 微型计算机 | |
| 电子资源: | ||
| ISBN: | 7-5053-1117-4 | |
| 000 | 00663nam0 2200205 45 | |
| 001 | 0004071616 | |
| 005 | 20000407160204.9 | |
| 010 | @a7-5053-1117-4@d1.90元 | |
| 100 | @a20000407d1990 km y0chiy0120 ea | |
| 101 | @achi | |
| 105 | @a z 000yy | |
| 200 | 1 | @a微型计算机外设结构与维护:显示器与键盘@AWei Xing Ji Suan Ji Wai She Jie Gou Yu Wei Hu:Xian Shi Qi Yu Jian Pan@f宋宏斌,杨伟明编@FSong Hong Bin,Yang Wei Ming Bian |
| 210 | @a北京@c电子工业出版社@d1990.06 | |
| 215 | @a95页@d32开 | |
| 606 | 0 | @a微型计算机 |
| 690 | @aTP364.1@v3 | |
| 701 | @a宋宏斌@4编 | |
| 701 | 0 | @a杨伟明@4编 |
| 801 | @aCN@bPftUser@c20000407 | |
| 905 | @f10@b52635-644@dTP364.1@eS060 | |
| 微型计算机外设结构与维护:显示器与键盘/宋宏斌,杨伟明编.-北京:电子工业出版社,1990.06 |
| 95页;32开 |
| ISBN 7-5053-1117-4:1.90元 |
| ● |
| 相关链接 |
|
|
|
正题名:微型计算机外设结构与维护:显示器与键盘
索取号:TP364.1/S060
 
预约/预借
| 序号 | 登录号 | 条形码 | 馆藏地/架位号 | 状态 | 备注 |
| 1 | 52635 | 200526350 | 自科二线504/504自科库 4排3列4层/ [索取号:TP364.1/S060] | 在馆 | |
| 2 | 52636 | 200526369 | 自科二线404/301自科库 58排1列1层/ [索取号:TP364.1/S060] | 在馆 | |
| 3 | 52637 | 200526378 | 自科二线504/504自科库 4排3列4层/ [索取号:TP364.1/S060] | 在馆 | |
| 4 | 52638 | 200526387 | 自科二线404/301自科库 57排2列3层/ [索取号:TP364.1/S060] | 在馆 | |
| 5 | 52639 | 200526396 | 自科二线404/301自科库 58排1列1层/ [索取号:TP364.1/S060] | 在馆 | |
| 6 | 52640 | 200526403 | 自科二线504/504自科库 4排1列4层/ [索取号:TP364.1/S060] | 在馆 | |
| 7 | 52641 | 200526412 | 期刊室512/301自科库 57排2列3层/ [索取号:TP364.1/S060] | 在馆 | |
| 8 | 52642 | 200526421 | 期刊室512/301自科库 58排1列1层/ [索取号:TP364.1/S060] | 在馆 | |
| 9 | 52643 | 200526430 | 自科二线404/301自科库 57排2列3层/ [索取号:TP364.1/S060] | 在馆 | |
| 10 | 52644 | 200526449 | 自科二线404/301自科库 57排2列3层/ [索取号:TP364.1/S060] | 在馆 |